UEFA Goldener Schuh - Statistiken

Allgemein
  • Dieses Quiz wurde 84 mal gespielt
  • Das Durchschnittsergebnis liegt bei 27 aus 56
Antwortstatistiken
Saison Verein Tore Spieler % Korrekt
2007/08 Manchester United 31 Cristiano Ronaldo
99%
2010/11 Real Madrid 40 Cristiano Ronaldo
99%
2013/14 Real Madrid 31 Cristiano Ronaldo
99%
2014/15 Real Madrid 48 Cristiano Ronaldo
99%
2009/10 FC Barcelona 34 Lionel Messi
99%
2011/12 FC Barcelona 50 Lionel Messi
99%
2012/13 FC Barcelona 46 Lionel Messi
99%
2016/17 FC Barcelona 37 Lionel Messi
99%
2017/18 FC Barcelona 34 Lionel Messi
99%
2018/19 FC Barcelona 36 Lionel Messi
99%
1996/97 FC Barcelona 34 Ronaldo
99%
2020/21 FC Bayern München 41 Robert Lewandowski
97%
2021/22 FC Bayern München 35 Robert Lewandowski
97%
2022/23 Manchester City 36 Erling Haaland
96%
2023/24 FC Bayern München 36 Harry Kane
96%
2024/25 Real Madrid 31 Kylian Mbappé
96%
2013/14 FC Liverpool 31 Luis Suárez
93%
2015/16 FC Barcelona 40 Luis Suárez
93%
2003/04 FC Arsenal 30 Thierry Henry
90%
2004/05 FC Arsenal 25 Thierry Henry
90%
2019/20 Lazio Rom 36 Ciro Immobile
80%
1969/70 FC Bayern München 38 Gerd Müller
80%
1971/72 FC Bayern München 40 Gerd Müller
80%
2006/07 AS Rom 26 Francesco Totti
69%
1967/68 Benfica Lissabon 42 Eusébio
57%
1972/73 Benfica Lissabon 40 Eusébio
57%
2004/05 FC Villarreal 25 Diego Forlán
47%
2008/09 Atlético Madrid 32 Diego Forlán
47%
1985/86 Ajax Amsterdam 37 Marco van Basten
43%
2002/03 Deportivo La Coruña 29 Roy Makaay
41%
2005/06 AC Florenz 31 Luca Toni
39%
1986/87 FK Austria Wien 39 Anton Polster
13%
2000/01 Celtic Glasgow 35 Henrik Larsson
13%
1998/99 FC Porto 36 Mário Jardel
13%
2001/02 Sporting Lissabon 42 Mário Jardel
13%
1977/78 SK Rapid Wien 41 Hans Krankl
11%
1989/90 Real Madrid 38 Hugo Sánchez
11%
1983/84 FC Liverpool 32 Ian Rush
9%
1999/00 AFC Sunderland 30 Kevin Phillips
6%
1989/90 ZSKA Sofia 38 Christo Stoitschkow
4%
1982/83 FC Porto 36 Fernando Gomes
1%
1984/85 FC Porto 39 Fernando Gomes
1%
1990/91 Roter Stern Belgrad 34 Darko Pančev
0%
1988/89 Dinamo Bukarest 43 Dorin Mateuț
0%
1974/75 Dinamo Bukarest 33 Dudu Georgescu
0%
1976/77 Dinamo Bukarest 47 Dudu Georgescu
0%
1979/80 Lierse SK 39 Erwin Vandenbergh
0%
1980/81 Botew Plowdiw 31 Georgi Slawkow
0%
1973/74 Sporting Lissabon 46 Héctor Yazalde
0%
1970/71 Olympique Marseille 44 Josip Skoblar
0%
1978/79 AZ Alkmaar 34 Kees Kist
0%
1997/98 Vitesse Arnheim 34 Nikolaos Machlas
0%
1968/69 ZSKA Sofia 36 Petar Schekow
0%
1975/76 Omonia Nikosia 39 Sotiris Kaiafas
0%
1987/88 Galatasaray Istanbul 39 Tanju Çolak
0%
1981/82 Ajax Amsterdam 32 Wim Kieft
0%
Keine übereinstimmenden Quizze gefunden
Verteilung der Resultate
Anzahl Personen mit jedem Resultat
Perzentil nach korrekt beantworteten Fragen
Ihre Resultats-Entwicklung
Sie haben dieses Quiz noch nicht gespielt